000 00689 a2200193 4500
999 _c8401
_d8401
020 _a0340700025 (hb)
020 _a0340652101 (pb)
050 0 0 _aP 45 WRA 1998
100 1 _aWray, Alison.
245 1 0 _aProjects in linguistics :
_ba practical guide to researching language /
_cAlison Wray, Kate Trott, and Aileen Bloomer ; with Shirley Reay and Chris Butler.
264 _aLondon:
_bArnold,
_c1998
300 _axv, 303 p. ;
500 _aIncludes index
504 _aIncludes bibliographical references (p. [274]-291) and index.
650 0 _aLinguistics
_xResearch
_xMethodology.
700 1 _aTrott, Kate,
_d1963-
700 1 _aBloomer, Aileen,
_d1947-
942 _2lcc
_cBK
_h45
_iWRA
_kPN